The use of warning intonation strategies between the native and non-native teachers of English at UMM al-Qura University, Saudi Arabia
Saved in:
| 主要作者: | |
|---|---|
| 格式: | Thesis 圖書 |
| 語言: | English |
| 主題: | |
| 標簽: |
添加標簽
沒有標簽, 成為第一個標記此記錄!
|
| LEADER | 01238cam a2200277 7i4500 | ||
|---|---|---|---|
| 001 | 0000100515 | ||
| 005 | 20211101090000.0 | ||
| 008 | 211027s2021 my eng | ||
| 040 | |a UniSZA | ||
| 050 | 0 | |a x | |
| 090 | 0 | 0 | |a x |
| 100 | 0 | |a Khalid Ahmad Alsmadi |e author | |
| 245 | 1 | 4 | |a The use of warning intonation strategies between the native and non-native teachers of English at UMM al-Qura University, Saudi Arabia |c Khalid Ahmad Alsmadi. |
| 264 | 0 | |c 2021. | |
| 300 | |a xxi, 396 leaves; |c 31 cm. | ||
| 336 | |a text |2 rdacontent | ||
| 337 | |a unmediated |2 rdamedia | ||
| 338 | |a volume |2 rdacarrier | ||
| 502 | |a Thesis (Degree of doctor of philosophy) - Universiti Sultan Zainal Abidin, 2021 | ||
| 504 | |a Includes bibliographical references (leaves 242-252) | ||
| 505 | 0 | |a 1. Introduction -- 2. Literature review -- 3. Methodology -- 4. Findings -- 5. Findings -- 6. Discussion -- 7. Conclusion and recommendations | |
| 610 | 0 | 0 | |a Universiti Sultan Zainal Abidin -- |x Faculty of Languages and Communication |
| 610 | 2 | 0 | |a Universiti Sultan Zainal Abidin -- |x Dissertations |
| 650 | 0 | |a Dissertations, Academic | |
| 710 | 2 | |a Universiti Sultan Zainal Abidin | |
| 999 | |a 1000183002 |b Thesis |c Reference |e Badak Bibliographic & Index Unit | ||
